An introduction to theory and reasoning in nursing. / (Record no. 9482)

MARC details
000 -LEADER
fixed length control field 01651cam a22003974a 4500
001 - CONTROL NUMBER
control field 15549187
003 - CONTROL NUMBER IDENTIFIER
control field OSt
005 - DATE AND TIME OF LATEST TRANSACTION
control field 20230330103327.0
008 - FIXED-LENGTH DATA ELEMENTS--GENERAL INFORMATION
fixed length control field 081205s2010 paua b 001 0 eng
010 ## - LIBRARY OF CONGRESS CONTROL NUMBER
LC control number 2008052932
016 7# - NATIONAL BIBLIOGRAPHIC AGENCY CONTROL NUMBER
Record control number 101490907
Source DNLM
020 ## - INTERNATIONAL STANDARD BOOK NUMBER
International Standard Book Number 9780781791038 (alk. paper)
020 ## - INTERNATIONAL STANDARD BOOK NUMBER
International Standard Book Number 0781791030 (alk. paper)
035 ## - SYSTEM CONTROL NUMBER
System control number (OCoLC)ocn280354584
040 ## - CATALOGING SOURCE
Original cataloging agency DNLM/DLC
Transcribing agency LC
Modifying agency NLM
-- C#P
-- YDXCP
-- CDX
-- DLC
042 ## - AUTHENTICATION CODE
Authentication code pcc
050 00 - LIBRARY OF CONGRESS CALL NUMBER
Classification number RT84.5.J63
060 00 - NATIONAL LIBRARY OF MEDICINE CALL NUMBER
Classification number 2009 E-916
060 10 - NATIONAL LIBRARY OF MEDICINE CALL NUMBER
Classification number WY 86
Item number J66i 2010
082 00 - DEWEY DECIMAL CLASSIFICATION NUMBER
Classification number 610.73/01
Edition number 22
100 1# - MAIN ENTRY--PERSONAL NAME
Personal name Johnson, Betty M.
9 (RLIN) 1118
245 13 - TITLE STATEMENT
Title An introduction to theory and reasoning in nursing. /
Statement of responsibility, etc. Betty M. Johnson, Pamela B. Webber.
250 ## - EDITION STATEMENT
Edition statement 3rd ed.
260 ## - PUBLICATION, DISTRIBUTION, ETC.
Place of publication, distribution, etc. Philadelphia:
Name of publisher, distributor, etc. Wolters Kluwer Health/Lippincott Williams & Wilkins,
Date of publication, distribution, etc. 2010.
300 ## - PHYSICAL DESCRIPTION
Extent xxi, 325 p. :
Other physical details ill. ;
Dimensions 23 cm.
504 ## - BIBLIOGRAPHY, ETC. NOTE
Bibliography, etc. note Includes bibliographical references and index.
505 0# - FORMATTED CONTENTS NOTE
Formatted contents note Contents: An introduction -- Language, meaning, and structure -- Operationalizing relationships -- Theory and reasoning -- Support theory -- Foundations of nursing theory -- Nursing theory -- Critiquing theory -- Introduction to research -- Theory and practice -- Multidisciplinary theory -- The future --
650 #0 - SUBJECT ADDED ENTRY--TOPICAL TERM
Topical term or geographic name entry element Nursing
General subdivision Philosophy.
9 (RLIN) 525
650 #0 - SUBJECT ADDED ENTRY--TOPICAL TERM
Topical term or geographic name entry element Reasoning.
9 (RLIN) 1119
650 12 - SUBJECT ADDED ENTRY--TOPICAL TERM
Topical term or geographic name entry element Nursing Theory.
9 (RLIN) 206
650 22 - SUBJECT ADDED ENTRY--TOPICAL TERM
Topical term or geographic name entry element Philosophy, Nursing.
9 (RLIN) 979
700 1# - ADDED ENTRY--PERSONAL NAME
Personal name Webber, Pamela Bayliss.
9 (RLIN) 1120
906 ## - LOCAL DATA ELEMENT F, LDF (RLIN)
a 7
b cbc
c orignew
d 1
e ecip
f 20
g y-gencatlg
942 ## - ADDED ENTRY ELEMENTS (KOHA)
Source of classification or shelving scheme Library of Congress Classification
Koha item type Books
Holdings
Withdrawn status Lost status Source of classification or shelving scheme Damaged status Not for loan Home library Current library Shelving location Date acquired Full call number Barcode Date last seen Price effective from Koha item type
    Library of Congress Classification     WISCONSIN INTERNATIONAL UNIVERSITY COLLEGE, GHANA KUMASI LIBRARY WISCONSIN INTERNATIONAL UNIVERSITY COLLEGE, GHANA KUMASI LIBRARY nursing 09/02/2023 RT84.5.J63(3e) KSN/1144/091/23 30/03/2023 30/03/2023 Books

If you have any concerns or questions; kindly contact the library


© Powered by WIUC ICT DIRECTORATE